The Characters of Mass Effect - Statistics

General Stats
  • This quiz has been taken 302 times
  • The average score is 18 of 22
Answer Stats
Hint Answer % Correct
The Asari who begins as a scientist but later on becomes the infamous Shadow Broker Liara T`Soni
92%
The human member who serves in the Alliance and is the last survivor of her unit. Ashley Williams
90%
The human pilot of the Normandy Joker
90%
The Turian who starts off as a C-Sec officer to a vigilante to a military advisor Garrus Vakarian
89%
The Cerberus operative who headed Project Lazarus Miranda
88%
The main protagonist of the main trilogy Commander Shepard
86%
The Krogan who was made by Warlord Okeer Grunt
86%
The Cerberus operative who was in charge of the armoury on the Normandy SR2 Jacob
86%
The Geth who wears damaged N7 armour Legion
86%
The Salarian doctor who had a clinic on Omega Mordin
86%
The Krogan mercenary who turns into a clan chief and ambassador for his species Urdnot Wrex
86%
The AI of the Normandy who gets a body in ME3 EDI
85%
The human convict who was experimented on by Cerberus and given biotic powers Jack
85%
The merciless Asari justicar Samara
83%
The Drell who is a spiritual assassin Thane
83%
The former captain of the Normandy turned admiral Anderson
82%
The best thief in the galaxy Kasumi
81%
The mercenary who formerly worked with the Blue Suns Zaeed
80%
The Quarian you meet during her pilgrimage who gives it up to join you on your adventure Tali `Zorah
78%
The human member who serves in the Alliance and is a biotic Kaiden Alenko
73%
The leader of the Alliance Fifth Fleet and the main Alliance admiral Admiral Hackett
61%
The Alliance soldier who survived Horizon because Shepard defeated the Collectors James
58%
No matching quizzes found
Score Distribution
Percent of People with Each Score
Percentile by Number Answered
Your Score History
You have not taken this quiz